Normal view
MARC view
Entry Nombre de reunión
001 - NÚMERO DE CONTROL
- campo de control: 159653
003 - IDENTIFICADOR DE NÚMERO DE CONTROL
- campo de control: mxcmmo
005 - FECHA Y HORA DE LA ÚLTIMA TRANSACCIÓN
- campo de control: 20241018051125.0
008 - ELEMENTOS DE DATO DE LONGITUD-FIJA
- campo de control de longitud fija: 241018|| aca||aabn | a|a d
040 ## - FUENTE DE CATALOGACIÓN
- Centro catalogador/agencia de origen: mxcmmo
- Centro/agencia transcriptor: mxcmmo
111 ## - ENCABEZAMIENTO--NOMBRE DE CONGRESO/REUNIÓN
- Nombre de congreso/reunión o jurisdicción como elemento de entrada: Encuentro Estatal de Presidentas Municipales, Síndicas y Regidoras del Estado de Veracruz
- Fecha del congreso o de la firma del tratado: (2009 :
- Sede del congreso/Lugar de la reunión: Xalapa, Veracruz
670 ## - FUENTE DE DATOS ENCONTRADOS
- Cita de la fuente: Work cat.: (mxcmmo)92277: Encuentro Estatal de Presidentas Municipales, Síndicas y Regidoras del Estado de Veracruz (2009 : Xalapa, Veracruz, Encuentro Estatal de Presidentas Municipales, Síndicas y Regidoras del Estado de Veracruz, 2009